000 00659cab a2200217 4500
001 WB3311-12
008 090401t1997 xxu||||| |||| 00| 0 eng d
035 _a(Sirsi) u77053
041 _aeng
245 _aLow floorspace supply
260 _c1997
350 _a0
490 _aProperty Week
_v58(9) 7 March 1997, 10(1)
520 _aKing Sturge`s latest industrial floorspace survey reports a five-year low, although there are wide regional variations.
650 _aINDUSTRIAL SPACE
650 _aKING STURGE SURVEY
650 _aSURVEY
690 _aPROPERTY-COMMERCIAL PROPERTY-COMMERCIAL PROPERTY MARKET
942 _n0
948 _c12/03/1997
999 _c48420
_d48420